| 000 | 02102cam a22004214i 4500 | ||
|---|---|---|---|
| 003 | PE-LiUPU | ||
| 005 | 20250731173235.0 | ||
| 008 | 150625s1980 xxu r 000 0 spa d | ||
| 035 | _a(Sirsi) a34975 | ||
| 040 |
_aPE-LiUPU _bspa _cPE-LiUPU _erda |
||
| 082 | 0 | 4 |
_a231.332 _bH76 _221 |
| 100 | 1 |
_aHorton, Stanley M., _eautor. |
|
| 245 | 1 | 3 |
_aEl Espiritu Santo revelado en la Biblia / _cStanley M. Horton. |
| 264 |
_aMiami : _bvida, _c1980 |
||
| 300 |
_a215 páginas ; _c22 centímetros |
||
| 336 |
_atext _2rdacontent |
||
| 337 |
_aunmediated _2rdamedia |
||
| 338 |
_avolume _2rdacarrier |
||
| 505 | 0 | _aEl espíritu en el mundo de hoy -- el espíritu en el pentateuco -- el espíritu en la historia de Israel -- el espíritu en los profetas escritores -- el espíritu en la vida y ministerio de Jesús -- el espíritu en la enseñanza de Jesús -- el espíritu en los libros de los hechos -- el espíritu en la vida cotidiana -- el espíritu en el ministerio de los creyentes -- el espíritu en el ministerio de la iglesia -- el espíritu en las denominaciones sobrenaturales. | |
| 526 | _aSEG42 | ||
| 526 | _aSEG41 | ||
| 526 | _aSEG40 | ||
| 526 | _aSEG39 | ||
| 526 | _aP94 | ||
| 526 | _aP87 | ||
| 526 | _aP86 | ||
| 526 | _aP85 | ||
| 526 | _aP77 | ||
| 526 | _aP76 | ||
| 526 | _aP35 | ||
| 942 |
_2ddc _cBOOK |
||
| 949 |
_a231.332 H76 _wDEWEY _c1 _i33856 _lCCODEBUL1 _mBUL _p20.00 _r0 _sY _tBOOK _u2015-06-25 _xBIBLIOTECA _zUNKNOWN _0COMPRA _o.STAFF. Colección Teología |
||
| 949 |
_a231.332 H76 _wDEWEY _c2 _i21173 _lCCODEBUL1 _mBUL _p20.00 _r0 _sY _tBOOK _u2015-06-25 _xBIBLIOTECA _zUNKNOWN _0COMPRA _o.STAFF. Colección Teología |
||
| 596 | _a1 | ||
| 999 |
_a231.332 H76 _wDEWEY _c42890 _i33856 _d42890 _e2017-10-27 _f2021-11-9 _g5 _lCCODEBUL1 _mBUL _n3 _p20.00 _r0 _sY _tBOOK _u2015-6-25 _xTEOLOGIA _PP35 _0COMPRA _o.STAFF. Colección Teología |
||
| 999 |
_a231.332 H76 _wDEWEY _c2 _i21173 _d2017-10-26 _f2021-11-11 _g6 _lCCODEBUL1 _mBUL _p20.00 _q1 _r0 _sY _tBOOK _u2015-6-25 _xTEOLOGIA _zUNKNOWN _0COMPRA _o.STAFF. Colección Teología |
||
| 980 |
_81 _gALBERTO SANCHEZ Responsable de Automatización |
||